| 000 | 01303nam a2200301 i 4500 | ||
|---|---|---|---|
| 003 | EG-ScBUE | ||
| 005 | 20231212115125.0 | ||
| 008 | 110803s1970 u f b 000 0 ara d | ||
| 017 | _a1969 / 4879 | ||
| 040 |
_aEG-ScBUE _bara _erda _cEG-ScBUE _dEG-ScBUE |
||
| 043 | _af------ | ||
| 082 | 0 | 4 |
_222 _a960.3 _bر ف ا |
| 100 |
_926552 _aرفاعي، عبد العزيز، _eمؤلف. |
||
| 245 | 1 | 0 |
_aإفريقيا والعلاقات السياسية الدولية في عهد الاستقلال / _cتأليف الدكتور عبد العزيز رفاعي، رئيس قسم العلوم الإنسانية بالكلية الفنية العسكرية. |
| 264 | 1 |
_aالقاهرة : _bمكتبة الأنجلو المصرية، _c[1970] |
|
| 300 |
_a274 صفحة ؛ _c24 سم |
||
| 336 |
_2rdacontent _aنص _btxt |
||
| 337 |
_aبدون وسيط _2rdamedia _bn |
||
| 338 |
_aمجلد _bnc _2rdacarrier |
||
| 504 | _aيشتمل على إرجاعات ببليوجرافية. | ||
| 651 | 7 |
_926553 _aإفريقيا _xتاريخ. _2BUEsh |
|
| 651 | 7 |
_aإفريقيا _xأحوال اجتماعية. _2BUEsh |
|
| 651 | 7 |
_aإفريقيا _xأحوال اقتصادية. _2BUEsh |
|
| 651 | 7 |
_aإفريقيا _xأحوال سياسية. _2BUEsh |
|
| 653 | _cAugust2011 | ||
| 655 | _vReading book | ||
| 942 |
_2ddc _cBB |
||
| 999 |
_c15783 _d15783 |
||